000 00333nam a22001457a 4500
008 221005b ||||| |||| 00| 0 eng d
020 _a9780072965209
041 _aeng
080 _2fourth edition
_a7
082 _a7 NIE
100 _a21.1
101 _aART
245 _aINTERIORS and introduction
_cNIELSON K
942 _2udc
_cBK
999 _c58345
_d58345